[Event "BI-2013-P-00011"]
[Site "LSS email"]
[Date "2013.04.22"]
[Round "?"]
[White "Plotnikov, Vladimir Anatolievi"]
[Black "Gamb, Roper"]
[Result "1-0"]
[WhiteElo "1481"]
[BlackElo "1964"]
[PlyCount "27"]
[EventDate "2013.04.25"]
[EventType "tourn (corr)"]
[EventRounds "10"]
[EventCountry "GER"]
[SourceTitle "Corr 2022"]
[Source "ChessBase"]
[SourceDate "2021.10.24"]
[SourceVersion "1"]
[SourceVersionDate "2021.10.24"]
[SourceQuality "1"]

1. e4 e6 2. d4 d5 3. e5 c5 4. c3 Qb6 5. Nf3 Nc6 6. Be2 Nh6 7. Bxh6 gxh6 8. Qd2 Bg7 9. Na3 cxd4 10. cxd4 0-0 11. 0-0 Bd7 12. b3 Qa5 13. Qxa5 Nxa5 14. Nb5 1-0

[Event "CP-2011-Q-00002"]
[Site "LSS email"]
[Date "2013.01.14"]
[Round "?"]
[White "Gamb, Roper"]
[Black "Mary, Patrick"]
[Result "0-1"]
[WhiteElo "1826"]
[BlackElo "2088"]
[PlyCount "46"]
[EventDate "2013.01.20"]
[EventType "tourn (corr)"]
[EventRounds "6"]
[EventCountry "GER"]
[SourceTitle "Telechess CBM 167"]
[Source "ChessBase"]
[SourceDate "2015.07.13"]
[SourceVersion "1"]
[SourceVersionDate "2015.07.13"]
[SourceQuality "1"]

1. d4 Nf6 2. Nf3 e6 3. Nbd2 d5 4. e3 Be7 5. Bd3 c5 6. b3 Nc6 7. a3 0-0 8. 0-0 b6 9. Bb2 Bb7 10. Qe2 a5 11. Bb5 Na7 12. Bd3 a4 13. c4 axb3 14. dxc5 bxc5 15. Nxb3 Nc8 16. cxd5 exd5 17. Qc2 c4 18. Bxf6 Bxf6 19. Bxh7+ Kh8 20. Nbd4 Nd6 21. Bf5 Qc7 22. a4 Ra6 23. Rfb1 Rfa8 0-1

[Event "RB-2012-0-00199"]
[Site "LSS email"]
[Date "2012.12.30"]
[Round "?"]
[White "Gamb, Roper"]
[Black "Pepermans, Toon"]
[Result "0-1"]
[WhiteElo "1823"]
[BlackElo "2355"]
[PlyCount "132"]
[EventDate "2012.12.01"]
[EventType "tourn (corr)"]
[EventRounds "6"]
[EventCountry "GER"]
[SourceTitle "Telechess CBM 161"]
[Source "ChessBase"]
[SourceDate "2014.07.16"]
[SourceVersion "1"]
[SourceVersionDate "2014.07.16"]
[SourceQuality "1"]

1. d4 Nf6 2. Nf3 g6 3. Nbd2 d5 4. e3 Bg7 5. b4 0-0 6. Bb2 a5 7. b5 a4 8. Rb1 a3 9. Bc3 c6 10. Rb3 cxb5 11. Bxb5 Be6 12. Ng5 Bd7 13. Qb1 Nc6 14. Be2 Ne8 15. h4 Nd6 16. h5 Qc7 17. hxg6 hxg6 18. Ba1 Rfc8 19. Qd1 Na5 20. Rc3 Nac4 21. Kf1 b5 22. Nxc4 bxc4 23. g3 Nb5 24. Bf3 Qd6 25. Kg2 f6 26. Nh3 Bxh3+ 27. Rxh3 Rab8 28. g4 e6 29. e4 Nxc3 30. Bxc3 Kf7 31. exd5 exd5 32. Qc1 Rh8 33. Rxh8 Rxh8 34. Bd2 Bf8 35. Bf4 Qc6 36. Qb1 g5 37. Bg3 Be7 38. c3 Kg7 39. Qf5 Rd8 40. Bd1 Qd7 41. Qb1 Bd6 42. Bxd6 Qxd6 43. Qb7+ Qd7 44. Qb4 Qd6 45. Qb7+ Rd7 46. Qa8 f5 47. Ba4 Rf7 48. Bc6 Qf8 49. Qxf8+ Rxf8 50. Bxd5 fxg4 51. Kg3 Kg6 52. Be4+ Kf6 53. Bd5 Rb8 54. Bxc4 Rc8 55. Bd5 Rxc3+ 56. Kxg4 Rd3 57. Bg8 Rxd4+ 58. Kf3 g4+ 59. Ke3 Ke5 60. Ke2 Rd8 61. Bc4 Kd4 62. Bb3 Rb8 63. Bf7 Rb2+ 64. Ke1 Kd3 65. Bg6+ Kc3 66. Bf7 Kc2 0-1

[Event "CP-2012-P-00034"]
[Site "LSS email"]
[Date "2012.10.01"]
[Round "?"]
[White "Luers, Charles J"]
[Black "Gamb, Roper"]
[Result "0-1"]
[WhiteElo "1849"]
[BlackElo "1823"]
[PlyCount "128"]
[EventDate "2012.10.05"]
[EventType "tourn (corr)"]
[EventRounds "6"]
[EventCountry "GER"]
[SourceTitle "Telechess CBM 163"]
[Source "ChessBase"]
[SourceDate "2014.11.11"]
[SourceVersion "2"]
[SourceVersionDate "2014.11.11"]
[SourceQuality "1"]

1. d4 d5 2. c4 e6 3. Nc3 Nf6 4. Nf3 Be7 5. Bf4 0-0 6. e3 b6 7. cxd5 exd5 8. Bd3 c5 9. Ne5 Bb7 10. Qf3 Nc6 11. 0-0 Qc8 12. Rac1 Nxe5 13. Bxe5 Qg4 14. Be2 Qe6 15. Nb5 Rac8 16. Qg3 g6 17. h3 Ne4 18. Qh2 a6 19. Nc7 Qc6 20. h4 c4 21. h5 f6 22. hxg6 hxg6 23. Qh6 Rf7 24. Bg4 Ng5 25. Bxc8 Bxc8 26. Bh2 Bf5 27. Qh4 b5 28. Qf4 Bd8 29. Nxd5 Qxd5 30. Qd6 Qxd6 31. Bxd6 Bd3 32. Rfd1 Rd7 33. Bf4 Ne6 34. Bg3 Ba5 35. Ra1 g5 36. Bb8 Kf7 37. a3 Bc2 38. Rdc1 Bb3 39. Kh2 Rd8 40. Bg3 Ng7 41. f3 Bd2 42. Rc3 Nh5 43. Be1 Bxc3 44. Bxc3 f5 45. Rh1 Kg6 46. Ba5 Re8 47. Re1 Nf6 48. Bc7 Nd5 49. Be5 Bc2 50. Kg1 Nb6 51. Kf2 Na4 52. Re2 Bd3 53. Rd2 Rc8 54. d5 Rc5 55. e4 fxe4 56. fxe4 Bxe4 57. d6 Bd3 58. Bg3 Rd5 59. Bh2 Nc5 60. Ke3 Ne4 61. Rd1 Nxd6 62. Bxd6 Rxd6 63. Rd2 Kf5 64. b3 cxb3 0-1

[Event "CP-2012-P-00034"]
[Site "LSS email"]
[Date "2012.10.01"]
[Round "?"]
[White "Pehl, Ferenc"]
[Black "Gamb, Roper"]
[Result "0-1"]
[WhiteElo "964"]
[BlackElo "1823"]
[PlyCount "68"]
[EventDate "2012.10.05"]
[EventType "tourn (corr)"]
[EventRounds "6"]
[EventCountry "GER"]
[SourceTitle "Telechess CBM 163"]
[Source "ChessBase"]
[SourceDate "2014.11.11"]
[SourceVersion "2"]
[SourceVersionDate "2014.11.11"]
[SourceQuality "1"]

1. e4 e6 2. d4 d5 3. exd5 exd5 4. Nf3 Bd6 5. Nc3 c6 6. Be2 Ne7 7. 0-0 0-0 8. h3 Bf5 9. Bd3 Nd7 10. Bxf5 Nxf5 11. Re1 h6 12. a3 Qf6 13. Be3 Rfe8 14. Qd2 a5 15. Rab1 a4 16. Qd3 Nf8 17. Qd2 Ng6 18. Kf1 b5 19. Na2 Ngh4 20. Nxh4 Nxh4 21. f3 Nxf3 22. gxf3 Qxf3+ 23. Qf2 Qxh3+ 24. Qg2 Rxe3 25. Qxh3 Rxh3 26. Nc3 b4 27. Ne2 bxa3 28. bxa3 Bxa3 29. Ra1 Bb2 30. Ra2 a3 31. Rb1 Rh1+ 32. Ng1 Bxd4 33. Kg2 Rxg1+ 34. Rxg1 Bxg1 0-1

[Event "LSS No Engine Cup 54 Final"]
[Site "LSS email"]
[Date "2012.08.09"]
[Round "?"]
[White "Gamb, Roper"]
[Black "De Ridder, Michael"]
[Result "1-0"]
[WhiteElo "1823"]
[BlackElo "1703"]
[PlyCount "95"]
[EventDate "2012.08.10"]
[EventType "tourn (corr)"]
[EventRounds "6"]
[EventCountry "GER"]
[SourceTitle "Telechess CBM 159"]
[Source "ChessBase"]
[SourceDate "2014.03.17"]
[SourceVersion "1"]
[SourceVersionDate "2014.03.17"]
[SourceQuality "1"]

1. d4 Nf6 2. Nf3 e6 3. Nbd2 d5 4. e3 c5 5. Be2 Be7 6. 0-0 Nc6 7. b3 0-0 8. Bb2 b6 9. a3 Bb7 10. Bd3 Qc7 11. Qe2 cxd4 12. exd4 Rac8 13. b4 Qf4 14. Rad1 Bd6 15. Rfe1 Ng4 16. g3 Qh6 17. h4 Qh5 18. c4 dxc4 19. Nxc4 Bb8 20. Ng5 h6 21. Ne4 Ba6 22. Ne3 Bxd3 23. Rxd3 f5 24. d5 exd5 25. Rxd5 Qg6 26. Nxg4 Qxg4 27. Nf6+ Rxf6 28. Bxf6 Qxe2 29. Rxe2 gxf6 30. Rc2 Rc7 31. Rd6 Ne5 32. Rxc7 Bxc7 33. Rxf6 Nf3+ 34. Kg2 Nd4 35. Rxh6 Kg7 36. Rh5 Be5 37. g4 Kf7 38. gxf5 Bf6 39. Rh7+ Bg7 40. a4 Nxf5 41. Rh5 Ke6 42. Kh3 Bc3 43. b5 Bf6 44. Kg4 Nd6 45. Rh7 Nf7 46. f4 Bb2 47. Kf3 Bf6 48. Ke3 1-0

[Event "LSS No Engine Cup 54 Final"]
[Site "LSS email"]
[Date "2012.08.09"]
[Round "?"]
[White "Ruzicka, Richard"]
[Black "Gamb, Roper"]
[Result "0-1"]
[WhiteElo "1362"]
[BlackElo "1823"]
[PlyCount "104"]
[EventDate "2012.08.10"]
[EventType "tourn (corr)"]
[EventRounds "6"]
[EventCountry "GER"]
[SourceTitle "Telechess CBM 159"]
[Source "ChessBase"]
[SourceDate "2014.03.17"]
[SourceVersion "1"]
[SourceVersionDate "2014.03.17"]
[SourceQuality "1"]

1. e4 e6 2. d4 d5 3. Nc3 Nf6 4. Bg5 Bb4 5. e5 h6 6. exf6 hxg5 7. fxg7 Rg8 8. h4 gxh4 9. Qg4 Qf6 10. Rxh4 Rxg7 11. Rh8+ Kd7 12. Qh4 Qxh4 13. Rxh4 Be7 14. Rh8 c5 15. Nf3 Nc6 16. 0-0-0 cxd4 17. Nxd4 Nxd4 18. Rxd4 Bf6 19. Rd1 Ke7 20. g3 Rg4 21. Rh7 Bd7 22. Be2 Rgg8 23. Bh5 Rg7 24. Rxg7 Bxg7 25. Bf3 Rc8 26. Ne2 Rh8 27. Rh1 Rxh1+ 28. Bxh1 b5 29. c3 Kd6 30. Kc2 e5 31. f4 f6 32. Bf3 Bf8 33. b3 Be7 34. Kb2 Bd8 35. a3 Bb6 36. Kc2 Bf5+ 37. Kd2 Bf2 38. Bh5 d4 39. cxd4 exd4 40. g4 Be3+ 41. Kd1 Bb1 42. g5 fxg5 43. fxg5 d3 44. Nc3 Bc2+ 45. Ke1 Ke5 46. Bd1 Bxg5 47. Nxb5 Ke4 48. Nc3+ Kd4 49. Nb5+ Ke3 50. Bh5 d2+ 51. Kf1 Bd3+ 52. Kg2 Bxb5 0-1

[Event "LSS No Engine Cup 52 Final"]
[Site "LSS email"]
[Date "2012.06.18"]
[Round "?"]
[White "Gamb, Roper"]
[Black "Poblete, Litos"]
[Result "1-0"]
[WhiteElo "1926"]
[BlackElo "1653"]
[PlyCount "43"]
[EventDate "2012.06.19"]
[EventType "tourn (corr)"]
[EventRounds "6"]
[EventCountry "GER"]
[SourceTitle "Telechess CBM 165"]
[Source "ChessBase"]
[SourceDate "2015.03.11"]
[SourceVersion "1"]
[SourceVersionDate "2015.03.11"]
[SourceQuality "1"]

1. d4 Nf6 2. Nf3 d5 3. e3 e6 4. Bd3 Bd6 5. 0-0 0-0 6. b3 c5 7. Bb2 cxd4 8. exd4 Nc6 9. a3 Ne4 10. c4 f5 11. Nc3 dxc4 12. bxc4 Nxc3 13. Bxc3 b6 14. Re1 Qc7 15. d5 exd5 16. cxd5 Na5 17. Rc1 Bxa3 18. Rc2 Qd8 19. Bxg7 Kxg7 20. Qa1+ Kg8 21. Qxa3 Bb7 22. Re7 1-0

[Event "LSS No Engine Cup 52 Final"]
[Site "LSS email"]
[Date "2012.06.18"]
[Round "?"]
[White "Gamb, Roper"]
[Black "Reede, Arvo"]
[Result "1-0"]
[WhiteElo "1926"]
[BlackElo "1584"]
[PlyCount "69"]
[EventDate "2012.06.19"]
[EventType "tourn (corr)"]
[EventRounds "6"]
[EventCountry "GER"]
[SourceTitle "Telechess CBM 165"]
[Source "ChessBase"]
[SourceDate "2015.03.11"]
[SourceVersion "1"]
[SourceVersionDate "2015.03.11"]
[SourceQuality "1"]

1. d4 Nf6 2. Nf3 d5 3. e3 e6 4. Bd3 c5 5. b3 Nc6 6. 0-0 cxd4 7. exd4 Bd6 8. Bb2 0-0 9. Nbd2 Nb4 10. Be2 b6 11. a3 Nc6 12. Bd3 Ne7 13. Ne5 Bb7 14. Qe2 Rc8 15. f4 Nf5 16. g4 Nh4 17. Rae1 Nd7 18. Ndf3 Nxf3+ 19. Rxf3 g6 20. Qe3 Nf6 21. g5 Ne4 22. Ng4 Qe7 23. Bxe4 dxe4 24. Rf2 Bxa3 25. Nf6+ Kh8 26. Bxa3 Qxa3 27. Qh3 h5 28. Nxh5 gxh5 29. Qxh5+ Kg8 30. g6 Kg7 31. f5 Kf6 32. Qh4+ Kg7 33. f6+ Kxg6 34. Rg2+ Kf5 35. Qf2# 1-0

[Event "LSS No Engine Cup 52 Final"]
[Site "LSS email"]
[Date "2012.06.18"]
[Round "?"]
[White "Herzog, Klaus"]
[Black "Gamb, Roper"]
[Result "1/2-1/2"]
[WhiteElo "1920"]
[BlackElo "1926"]
[PlyCount "59"]
[EventDate "2012.06.19"]
[EventType "tourn (corr)"]
[EventRounds "6"]
[EventCountry "GER"]
[SourceTitle "Telechess CBM 165"]
[Source "ChessBase"]
[SourceDate "2015.03.11"]
[SourceVersion "1"]
[SourceVersionDate "2015.03.11"]
[SourceQuality "1"]

1. e4 e6 2. d4 d5 3. Nd2 Nf6 4. e5 Nfd7 5. f4 c5 6. c3 Nc6 7. Ndf3 Qb6 8. g3 cxd4 9. cxd4 Be7 10. Kf2 h6 11. Ne2 0-0 12. Nc3 f6 13. Bh3 Ndxe5 14. Na4 Qc7 15. dxe5 fxe5 16. fxe5 b5 17. Nc3 d4 18. Ne4 d3 19. Re1 Nxe5 20. Bf4 Qb6+ 21. Kg2 Nxf3 22. Qxf3 Bb7 23. Qxd3 Rad8 24. Qc2 Rd4 25. Kh1 Rc4 26. Qg2 Rxe4 27. Rxe4 e5 28. Bxe5 Rf2 29. Bd4 Rxg2 30. Bxb6 1/2-1/2

[Event "LSS No Engine Cup 52 Final"]
[Site "LSS email"]
[Date "2012.06.18"]
[Round "?"]
[White "Krebs, Hans Joachim"]
[Black "Gamb, Roper"]
[Result "0-1"]
[WhiteElo "1707"]
[BlackElo "1926"]
[PlyCount "86"]
[EventDate "2012.06.19"]
[EventType "tourn (corr)"]
[EventRounds "6"]
[EventCountry "GER"]
[SourceTitle "Telechess CBM 165"]
[Source "ChessBase"]
[SourceDate "2015.03.11"]
[SourceVersion "1"]
[SourceVersionDate "2015.03.11"]
[SourceQuality "1"]

1. d4 d5 2. c4 e6 3. Nc3 Nf6 4. Bg5 Be7 5. e3 0-0 6. Nf3 h6 7. Bh4 Ne4 8. Bxe7 Qxe7 9. Rc1 Rd8 10. Qc2 Nxc3 11. Qxc3 Nc6 12. a3 e5 13. Nxe5 Nxe5 14. dxe5 c6 15. f4 Bg4 16. g3 Qd7 17. h3 Bf3 18. Rh2 dxc4 19. Rd2 Qxd2+ 20. Qxd2 Rxd2 21. Kxd2 b5 22. Ke1 Rd8 23. a4 a6 24. Ra1 g6 25. axb5 axb5 26. Be2 Bxe2 27. Kxe2 Rd3 28. Ra3 Rxa3 29. bxa3 Kf8 30. Kd2 Ke7 31. Kc3 c5 32. e4 Kd7 33. h4 h5 34. a4 bxa4 35. Kxc4 Kc6 36. f5 Kd7 37. Kc3 Ke7 38. Kc4 Kd8 39. Kc3 Kd7 40. Kc4 gxf5 41. exf5 Kc6 42. e6 fxe6 43. f6 Kd7 0-1

[Event "LSS No Engine Cup 53 Final"]
[Site "LSS email"]
[Date "2012.05.20"]
[Round "?"]
[White "Gamb, Roper"]
[Black "McLeod, Sylvester"]
[Result "1/2-1/2"]
[WhiteElo "1924"]
[BlackElo "2239"]
[PlyCount "98"]
[EventDate "2012.05.21"]
[EventType "tourn (corr)"]
[EventRounds "6"]
[EventCountry "GER"]
[SourceTitle "Telechess CBM 159"]
[Source "ChessBase"]
[SourceDate "2014.03.17"]
[SourceVersion "1"]
[SourceVersionDate "2014.03.17"]
[SourceQuality "1"]

1. d4 d5 2. Nf3 Nf6 3. e3 e6 4. Bd3 c5 5. b3 Nc6 6. 0-0 Bd6 7. Bb2 0-0 8. Nbd2 Qe7 9. a3 e5 10. dxc5 Bxc5 11. b4 Bb6 12. b5 e4 13. bxc6 bxc6 14. Bxf6 gxf6 15. Be2 exf3 16. Nxf3 Kh8 17. Qd3 Rg8 18. g3 Qe4 19. Rfd1 Bg4 20. Kg2 Rad8 21. c4 Qxd3 22. Rxd3 Bf5 23. Rdd1 dxc4 24. Bxc4 Kg7 25. Nh4 Bc2 26. Rxd8 Rxd8 27. Ra2 Bb1 28. Rb2 Rd1 29. Kf3 Rc1 30. Ke2 Bg6 31. Bd3 Bh5+ 32. Kd2 Ra1 33. Rb3 Rd1+ 34. Kc3 Ba5+ 35. Kc4 Rc1+ 36. Kd4 Bb6+ 37. Ke4 Bg4 38. Nf5+ Kf8 39. f3 Bh3 40. g4 h5 41. Kf4 Bc7+ 42. Ke4 hxg4 43. Rb7 Bxh2 44. Rxa7 Ke8 45. Ng7+ Kd8 46. fxg4 Rc3 47. Bb1 Bxg4 48. Ba2 Bd7 49. Bxf7 Bg1 1/2-1/2

[Event "LSS No Engine Cup 50 Final"]
[Site "LSS email"]
[Date "2012.04.16"]
[Round "?"]
[White "Gamb, Roper"]
[Black "Herzog, Klaus"]
[Result "1-0"]
[WhiteElo "1957"]
[BlackElo "1846"]
[PlyCount "73"]
[EventDate "2012.04.17"]
[EventType "tourn (corr)"]
[EventRounds "6"]
[EventCountry "GER"]
[SourceTitle "Telechess CBM 165"]
[Source "ChessBase"]
[SourceDate "2015.03.11"]
[SourceVersion "1"]
[SourceVersionDate "2015.03.11"]
[SourceQuality "1"]

1. d4 Nf6 2. Nf3 d5 3. c4 dxc4 4. e3 a6 5. Bxc4 e6 6. 0-0 c5 7. dxc5 Bxc5 8. Qxd8+ Kxd8 9. b3 Ke7 10. Bb2 Rd8 11. Nbd2 b6 12. Rfd1 Bb7 13. h3 Nc6 14. Be2 a5 15. a3 h6 16. Ne1 Ba6 17. Nc4 Rxd1 18. Rxd1 Rd8 19. Rxd8 Nxd8 20. Nc2 Bxc4 21. Bxc4 Nc6 22. g3 Kd7 23. Kg2 Be7 24. f4 g5 25. Kf3 gxf4 26. exf4 Kd6 27. Nd4 Nd7 28. Nb5+ Kc5 29. a4 Bf6 30. Bc1 Nb4 31. g4 Nc2 32. g5 Bg7 33. h4 Kc6 34. h5 Nc5 35. f5 hxg5 36. Bxg5 Bh8 37. h6 1-0

[Event "LSS No Engine Cup 50 Final"]
[Site "LSS email"]
[Date "2012.04.16"]
[Round "?"]
[White "Gamb, Roper"]
[Black "Morcin, Tom"]
[Result "1-0"]
[WhiteElo "1957"]
[BlackElo "2131"]
[PlyCount "69"]
[EventDate "2012.04.17"]
[EventType "tourn (corr)"]
[EventRounds "6"]
[EventCountry "GER"]
[SourceTitle "Telechess CBM 165"]
[Source "ChessBase"]
[SourceDate "2015.03.11"]
[SourceVersion "1"]
[SourceVersionDate "2015.03.11"]
[SourceQuality "1"]

1. d4 Nf6 2. Nf3 d5 3. c4 c6 4. e3 Bf5 5. Qb3 Qb6 6. Nc3 Qxb3 7. axb3 Nbd7 8. c5 a6 9. b4 0-0-0 10. Bd2 Ne4 11. Nxe4 Bxe4 12. Ng5 Bg6 13. Be2 h6 14. Nf3 Re8 15. 0-0 e6 16. h3 Be7 17. Ne1 e5 18. Bc3 e4 19. Nc2 Bf5 20. b5 cxb5 21. Be1 h5 22. Nb4 Be6 23. f3 exf3 24. Bxf3 Nf6 25. Nxa6 bxa6 26. Rxa6 Ne4 27. c6 Nd6 28. Ba5 Kb8 29. Ra1 Nc4 30. Be1 Kc7 31. b3 Na3 32. Ba5+ Kb8 33. Rb6+ Kc7 34. e4 Bf6 35. e5 1-0

[Event "LSS No Engine Cup 49 Final"]
[Site "LSS email"]
[Date "2012.03.19"]
[Round "?"]
[White "Gamb, Roper"]
[Black "Jenneborg, Seved"]
[Result "1-0"]
[WhiteElo "1957"]
[BlackElo "1714"]
[PlyCount "91"]
[EventDate "2012.03.20"]
[EventType "tourn (corr)"]
[EventRounds "6"]
[EventCountry "GER"]
[SourceTitle "Telechess CBM 165"]
[Source "ChessBase"]
[SourceDate "2015.03.11"]
[SourceVersion "1"]
[SourceVersionDate "2015.03.11"]
[SourceQuality "1"]

1. d4 Nf6 2. Nf3 d5 3. e3 e6 4. Bd3 c5 5. b3 Nc6 6. 0-0 cxd4 7. exd4 Bd6 8. Bb2 0-0 9. Nbd2 Nb4 10. Be2 Qc7 11. a3 Nc6 12. Bd3 b6 13. Qe2 Bf4 14. g3 Bh6 15. Ne5 Bb7 16. f4 Nxe5 17. fxe5 Nd7 18. Nf3 Rac8 19. Kg2 Rfe8 20. h4 a6 21. a4 Ra8 22. Ba3 Rac8 23. Bd6 Qd8 24. Ng5 Bxg5 25. Rxf7 Bh6 26. Qh5 Rc3 27. Raf1 Rxd3 28. cxd3 a5 29. g4 Ba6 30. g5 Bxd3 31. gxh6 g6 32. Qf3 Bxf1+ 33. Kxf1 Kh8 34. Rg7 Qc8 35. Bc5 Rf8 36. Bxf8 Qxf8 37. Qf7 Qxf7+ 38. Rxf7 Kg8 39. Rxd7 Kf8 40. Rxh7 Kg8 41. Rb7 b5 42. axb5 a4 43. bxa4 Kh8 44. a5 Kg8 45. a6 Kf8 46. a7 1-0

[Event "LSS No Engine Cup 49 Final"]
[Site "LSS email"]
[Date "2012.03.19"]
[Round "?"]
[White "Henke, Simon"]
[Black "Gamb, Roper"]
[Result "0-1"]
[WhiteElo "1493"]
[BlackElo "1957"]
[PlyCount "74"]
[EventDate "2012.03.20"]
[EventType "tourn (corr)"]
[EventRounds "6"]
[EventCountry "GER"]
[SourceTitle "Telechess CBM 165"]
[Source "ChessBase"]
[SourceDate "2015.03.11"]
[SourceVersion "1"]
[SourceVersionDate "2015.03.11"]
[SourceQuality "1"]

1. d4 d5 2. Nf3 e6 3. e3 c5 4. b3 Nc6 5. Bb2 Nf6 6. Bd3 Qb6 7. Nbd2 c4 8. Be2 Bd6 9. Rb1 cxb3 10. axb3 0-0 11. 0-0 Bd7 12. c4 Qc7 13. c5 Be7 14. Bc3 a5 15. b4 axb4 16. Bxb4 Rfb8 17. Bc3 b6 18. cxb6 Rxb6 19. Rxb6 Qxb6 20. Qc2 Qc7 21. Ra1 Rc8 22. Qb2 Be8 23. Rc1 Rb8 24. Qa2 Nb4 25. Qa1 Qb7 26. Rb1 Qc8 27. Rb3 Bf8 28. Qb2 Ba4 29. Ra3 Nd3 30. Qa1 Bxa3 31. Qxa3 Ne4 32. Nxe4 dxe4 33. Nd2 Ra8 34. Bxd3 exd3 35. Qb4 Rb8 36. Qa5 h6 37. h4 Rb5 0-1

[Event "LSS No Engine Cup 49 Final"]
[Site "LSS email"]
[Date "2012.03.19"]
[Round "?"]
[White "Linke, Marius"]
[Black "Gamb, Roper"]
[Result "1/2-1/2"]
[WhiteElo "2050"]
[BlackElo "1957"]
[PlyCount "49"]
[EventDate "2012.03.20"]
[EventType "tourn (corr)"]
[EventRounds "6"]
[EventCountry "GER"]
[SourceTitle "Telechess CBM 165"]
[Source "ChessBase"]
[SourceDate "2015.03.11"]
[SourceVersion "1"]
[SourceVersionDate "2015.03.11"]
[SourceQuality "1"]

1. d4 d5 2. c4 e6 3. Nf3 Nf6 4. g3 Be7 5. Bg2 0-0 6. 0-0 dxc4 7. Qc2 a6 8. Qxc4 b5 9. Qc2 Bb7 10. Bf4 Nd5 11. Nc3 Nxf4 12. gxf4 Nd7 13. Rfd1 Qc8 14. Ne4 f5 15. Nc5 Nxc5 16. dxc5 Be4 17. Qc3 Qb7 18. Qe5 Kh8 19. Rd7 Bf6 20. Qxc7 Qxc7 21. Rxc7 Rfc8 22. Rxc8+ Rxc8 23. a4 h6 24. Ne5 Rxc5 25. b4 1/2-1/2

[Event "WC-2016-P-00006"]
[Site "LSS email"]
[Date "2012.02.12"]
[Round "?"]
[White "Gamb, Roper"]
[Black "Johansen, Svein Age"]
[Result "1-0"]
[WhiteElo "1926"]
[BlackElo "1957"]
[PlyCount "31"]
[EventDate "2012.02.15"]
[EventType "tourn (corr)"]
[EventRounds "12"]
[EventCountry "GER"]
[SourceTitle "Corr 2015"]
[Source "ChessBase"]
[SourceDate "2015.07.17"]
[SourceVersion "1"]
[SourceVersionDate "2015.07.17"]
[SourceQuality "1"]

1. d4 Nf6 2. Nf3 g6 3. Nc3 Bg7 4. e4 d6 5. Be3 0-0 6. Qd2 c6 7. Bh6 b5 8. Bxg7 Kxg7 9. Bd3 Bg4 10. h4 Nbd7 11. e5 dxe5 12. Nxe5 Qc7 13. Nxg4 Nxg4 14. 0-0-0 h5 15. f3 Ngf6 16. g4 1-0

[Event "WC-2016-P-00006"]
[Site "LSS email"]
[Date "2012.02.12"]
[Round "?"]
[White "Gamb, Roper"]
[Black "Pott, Brian"]
[Result "0-1"]
[WhiteElo "1926"]
[BlackElo "1833"]
[PlyCount "130"]
[EventDate "2012.02.15"]
[EventType "tourn (corr)"]
[EventRounds "12"]
[EventCountry "GER"]
[SourceTitle "Telechess CBM 165"]
[Source "ChessBase"]
[SourceDate "2015.03.11"]
[SourceVersion "1"]
[SourceVersionDate "2015.03.11"]
[SourceQuality "1"]

1. d4 Nf6 2. Nf3 g6 3. Nc3 d5 4. Bf4 Bg7 5. e3 0-0 6. Be2 c6 7. Qd2 Nbd7 8. Ne5 Nxe5 9. Bxe5 Be6 10. h4 h5 11. f3 b5 12. Bd3 a5 13. 0-0-0 Bh6 14. Ne2 Qb6 15. g4 hxg4 16. Bxf6 exf6 17. h5 g5 18. fxg4 Bxg4 19. Rdf1 Kg7 20. Ng3 Be6 21. Kb1 Rae8 22. Rhg1 Rh8 23. Rf3 Bg4 24. Nf5+ Bxf5 25. Rxf5 Re6 26. Rgf1 b4 27. Qf2 Qd8 28. Rf3 a4 29. Bf5 Rd6 30. b3 a3 31. Bh3 Re8 32. Bf5 Qc7 33. Bd3 Qe7 34. Rg3 Re6 35. Qf5 Rh8 36. Rgf3 Kg8 37. Qh3 Bf8 38. Bf5 Rd6 39. Bg4 Rh6 40. Qg2 Rd8 41. Re1 c5 42. Rg1 Re8 43. Qf2 Kg7 44. Rf1 cxd4 45. exd4 Qe2 46. Qg1 Qb5 47. Rd1 Qc6 48. Rfd3 Bd6 49. Bf3 Bf4 50. Qh1 Rc8 51. Qg2 f5 52. Bxd5 Qc7 53. Bc4 Rxh5 54. Rg1 g4 55. Rdd1 Rd8 56. Qf3 Rh2 57. Qf1 Kf6 58. Qd3 Rdh8 59. Bd5 R8h3 60. Qa6+ Kg5 61. Bc4 Rc3 62. Rh1 Rcxc2 63. Rxh2 Rxh2 64. Qa8 Qe7 65. Bd5 Qe3 0-1